000 00271nam a2200121 i 4500
001 bg
245 0 _aKodeks postępowania administracyjnego.
260 _aWarszawa,
_c1985.
040 _cBPK
041 _apol
942 _cKS
008 s pl f |000 0 pol
999 _c22971
_d22971
856 _uhttp://koha.tu.koszalin.pl/cgi-bin/koha/opac-detail.pl?biblionumber=22971
_yKatalog online BPK